| 000 | 02234nam a2200385 c 4500 | ||
|---|---|---|---|
| 001 | 58545 | ||
| 003 | CO-BoRNBP | ||
| 005 | 20250826194902.0 | ||
| 007 | ta | ||
| 008 | 210825s2017 ck er 000 0dspa d | ||
| 020 | _a9584263498 | ||
| 020 | _a9789584263490 | ||
| 040 |
_aCO-BoRNBP _bspa _erda _cCO-BoRNBP |
||
| 041 | 1 |
_aspa _heng |
|
| 082 | 0 | 4 |
_a303.483 _bF62m _222 |
| 100 |
_aFoer, Franklin, _d1974- _eaut _963466 |
||
| 245 | 1 | 3 |
_aUn mundo sin ideas : _bla amenaza de las grandes empresas tecnológicas a nuestra identidad / _cpor Franklin Foer ; traducción de Pablo Hermida Lazcano. |
| 250 | _aPrimera edición | ||
| 264 | 1 |
_aBogotá, Colombia : _bPaidós, _c2017 |
|
| 300 | _a254 páginas | ||
| 336 |
_atexto _btxt _2rdacontent |
||
| 337 |
_asin mediación _bn _2rdamedia |
||
| 338 |
_avolumen _bnc _2rdacarrier |
||
| 490 | 0 | _aPaidós contextos | |
| 500 | _aEl material correspondiente a la dotación PNLB 2022, la fecha de edición es 2017 | ||
| 504 | _aIncluye referencias bibliográficas | ||
| 520 | _aUn mundo sin ideas Por Franklin Foer ,En las últimas décadas se ha producido una revolución en el control del conocimiento y la información. Sin haber reparado siquiera en las consecuencias, hemos acogido sin dudarlo los productos y servicios de cuatro corporaciones gigantescas: compramos en Amazon, nos relacionamos en facebook, buscamos diversión en Apple e información en Geoogle. Estas empresas nos venden su eficiencia y su intención de hacer del mundo un lugar mejor, pero lo que han logrado en cambio es propiciar los efectos narcóticos de una confortable existencia cotidiana. A medida que esta compañías se han ido expandiendo, proclamándose defensoras de la individualidad y el pluralismo, sus algoritmos nos han ido conduciendo a la conformidad y han causado estragos en la intimidad | ||
| 521 | _aRecomendado para un público adulto | ||
| 534 | _bWorld without mind. The existential treat of big tech | ||
| 650 | 0 | 7 |
_aConocimiento _xAspectos sociales _2lemb _963467 |
| 650 | 0 | 7 |
_aDocumentación e información para el desarrollo _2lemb _963468 |
| 650 | 0 | 7 |
_aTecnología de la información _xAspectos sociales _2LEMB _963469 |
| 700 |
_aHermida Lazcano, Pablo _etrl _963470 |
||
| 942 |
_2ddc _cBK |
||
| 999 |
_c58545 _d58545 |
||